000 01223cad a22002535a 4500
001 E150191
008 100611s2010 xxk f 000 0 eng d
035 _a(Sirsi) u150191
041 0 _aeng
110 2 _aCommission for Architecture and the Built Environment
_94058
245 0 0 _aMapping space standards for the home
_bgraph of gross internal area, GIA (m2)
_h[electronic resource]
260 _a[S.l.]
_bCABE
_c2010
490 0 _aHousing Standards Evidence and Research
520 _aProvides a graphical comparison of significant recent English and Irish housing space standards over the last 60 years. Shows whether the standards are for public and/or private sector housing, and shows the different areas specified by various organisations and for particular dwelling sizes and occupancy levels.
521 _aAdvanced
590 _aKA
650 2 4 _aGROSS INTERNAL AREA
651 4 _aEngland
_y886-
651 4 _aIreland (Republic of)
_y
690 _aBUILT ENVIRONMENT-BUILDING STANDARDS
690 _aPROPERTY-RESIDENTIAL PROPERTY-DOMESTIC RESIDENTIAL PROPERTY-HOUSING
856 4 0 _uhttps://www.cabe.org.uk/publications/housing-standards
_zView the report free of charge at www.cabe.org.uk
942 _n0
999 _c110783
_d110783